|
|
|
|
| LEADER |
01922nam a2200325 a 4500 |
| 001 |
13331433 |
| 008 |
090616s2005 maua b 001 0 eng d |
| 999 |
|
|
|c 1381
|d 1381
|
| 010 |
|
|
|a \\2003061489
|
| 020 |
|
|
|a 0072869054 (student ed. : text : alk. paper; part of pkg. ISBN 0072971223)
|
| 020 |
|
|
|a 0071112189 (international edition)
|
| 020 |
|
|
|a 0072869089 (instructor's ed. : alk. paper)
|
| 040 |
|
|
|a DLC
|c DLC
|
| 082 |
0 |
0 |
|a 658.5
|2 22
|
| 100 |
1 |
|
|a Stevenson, William J.
|9 29375
|
| 245 |
1 |
0 |
|a Operations management /
|c William J. Stevenson.
|
| 250 |
|
|
|a 8th ed.
|
| 260 |
|
|
|a Boston :
|b McGraw-Hill,
|c c2005.
|
| 300 |
|
|
|a xiv, 871 p. :
|b ill. ;
|c 29 cm.
|
| 490 |
|
4 |
|a The McGraw-Hill/Irwin series operations and decision sciences
|
| 504 |
|
|
|a Includes bibliographical references and indexes.
|
| 541 |
1 |
|
|e 00014865
|
| 650 |
|
0 |
|a Production management.
|9 29376
|
| 852 |
4 |
|
|a Ayesha Abed Library
|c General Stacks
|
| 942 |
0 |
0 |
|2 ddc
|c BK
|
| 952 |
|
|
|0 0
|1 0
|2 ddc
|4 1
|6 658_500000000000000_STE_2005
|7 0
|9 1261
|a BRACUL
|b BRACUL
|c SPS
|d 2009-06-25
|g 190.00
|l 31
|m 167
|o 658.5 STE
|p 3010014865
|r 2018-01-28
|s 2017-09-17
|t 1
|v 380.00
|w 2009-06-25
|y BK
|
| 952 |
|
|
|0 0
|1 0
|2 ddc
|4 1
|6 658_500000000000000_STE_2005
|7 0
|9 8914
|a BRACUL
|b BRACUL
|c SPS
|d 2010-03-31
|l 28
|m 225
|o 658.5 STE
|p 3010014864
|r 2018-09-27
|s 2018-01-15
|t 2
|w 2010-03-31
|y BK
|
| 952 |
|
|
|0 0
|1 0
|2 ddc
|4 0
|6 658_500000000000000_STE
|7 0
|9 9740
|a BRACUL
|b BRACUL
|c GEN
|d 2010-05-04
|l 34
|m 257
|o 658.5 STE
|p 3010014861
|r 2025-12-15
|s 2025-12-14
|t 3
|w 2010-05-04
|y BK
|x Koha Inventory 2020
|
| 952 |
|
|
|0 0
|1 0
|2 ddc
|4 1
|6 658_500000000000000_STE_2005
|7 0
|9 10691
|a BRACUL
|b BRACUL
|c SPS
|d 2010-06-06
|l 24
|m 198
|o 658.5 STE
|p 3010014863
|r 2018-05-28
|s 2018-01-15
|t 4
|w 2010-06-06
|y BK
|x Photocopy Book. Declared as Damaged on December 10, 2023
|
| 952 |
|
|
|0 0
|1 0
|2 ddc
|4 1
|6 658_500000000000000_STE_2005
|7 0
|9 12715
|a BRACUL
|b BRACUL
|d 2010-10-25
|l 28
|m 131
|o 658.5 STE
|p 3010014862
|r 2026-01-29
|s 2025-10-15
|t 5
|w 2010-10-25
|y BK
|x Damages declared on 01/02/2026
|